[Event "AEM VII"]
[Site "Sainte-Foy CAN"]
[Date "1996.05.03"]
[Round "1"]
[White "Turcot, Jean"]
[Black "Tremblay, Sylvain"]
[Result "0-1"]
[WhiteElo "1543"]
[BlackElo "2140"]
[PlyCount "57"]
[EventDate "1996.05.03"]
[EventType "swiss"]
[EventRounds "5"]
[EventCountry "CAN"]

1. b4 e6 2. Bb2 Nf6 3. b5 Be7 4. e3 O-O 5. Nf3 d6 6. Be2 Nbd7 7. O-O b6 8. c4
Bb7 9. a4 d5 10. a5 dxc4 11. a6 Bd5 12. Na3 Nc5 13. Nxc4 c6 14. bxc6 Bxc6 15.
Nce5 Bd5 16. d4 Nce4 17. Nd2 Rc8 18. Rc1 Bb4 19. Ndf3 Nc3 20. Bxc3 Bxc3 21. Qa4
Ne4 22. Rc2 f6 23. Nc4 Qe8 24. Qxe8 Rfxe8 25. Nfd2 Bxd2 26. f3 Bxc4 27. fxe4
Bxe2 28. Rxd2 Bxf1 29. Kxf1 0-1

[Event "AEM VII"]
[Site "Sainte-Foy CAN"]
[Date "1996.05.04"]
[Round "2"]
[White "Tremblay, Sylvain"]
[Black "Hebert, Marc"]
[Result "1-0"]
[WhiteElo "2140"]
[BlackElo "1855"]
[PlyCount "55"]
[EventDate "1996.05.03"]
[EventType "swiss"]
[EventRounds "5"]
[EventCountry "CAN"]

1. e4 e5 2. Nf3 Nc6 3. Bb5 d6 4. d4 Bd7 5. O-O exd4 6. Bxc6 bxc6 7. Qxd4 c5 8.
Qd3 Ne7 9. Nc3 Ng6 10. Bg5 f6 11. Bd2 Be7 12. Nd5 O-O 13. Ba5 Rc8 14. Qa6 Be6
15. b4 Bxd5 16. exd5 cxb4 17. Nd4 Qd7 18. f4 Rfe8 19. Bxb4 Qg4 20. h3 Qh5 21.
Qc4 Kf7 22. Rae1 Nh4 23. f5 g6 24. fxg6+ hxg6 25. Bd2 g5 26. Ne6 Rg8 27. Qe4
Qh8 28. Nxg5+ 1-0

[Event "AEM VII"]
[Site "Sainte-Foy CAN"]
[Date "1996.05.04"]
[Round "3"]
[White "Liard, Serge"]
[Black "Tremblay, Sylvain"]
[Result "1-0"]
[WhiteElo "1942"]
[BlackElo "2140"]
[PlyCount "67"]
[EventDate "1996.05.03"]
[EventType "swiss"]
[EventRounds "5"]
[EventCountry "CAN"]

1. e4 c6 2. Nc3 d5 3. Nf3 Bg4 4. h3 Bh5 5. d3 e6 6. g4 Bg6 7. Ne5 Nd7 8. Nxg6
hxg6 9. exd5 cxd5 10. Qe2 Be7 11. Bf4 Qa5 12. Bd2 d4 13. Ne4 Qb6 14. Bg2 Ngf6
15. c4 Nxe4 16. Bxe4 Qxb2 17. O-O Bb4 18. Rfd1 Bxd2 19. Rab1 Qc3 20. Rxd2 O-O
21. Rc2 Qa3 22. Rxb7 Nc5 23. Rxf7 Rxf7 24. Bxa8 Nxd3 25. Qxe6 Nf4 26. Qe1 Qxh3
27. f3 d3 28. Rh2 Ne2+ 29. Rxe2 dxe2 30. Bd5 Kf8 31. Bxf7 Qxf3 32. Bd5 Qe3+ 33.
Qf2+ Qxf2+ 34. Kxf2 1-0

[Event "AEM VII"]
[Site "Sainte-Foy CAN"]
[Date "1996.05.05"]
[Round "4"]
[White "Tremblay, Sylvain"]
[Black "Auger, Bertrand"]
[Result "1-0"]
[WhiteElo "2140"]
[BlackElo "1891"]
[PlyCount "79"]
[EventDate "1996.05.03"]
[EventType "swiss"]
[EventRounds "5"]
[EventCountry "CAN"]

1. e4 e6 2. d4 d5 3. Nc3 Bb4 4. a3 Bxc3+ 5. bxc3 Ne7 6. Bd3 c5 7. dxc5 Nbc6 8.
Be3 Qa5 9. Ne2 O-O 10. O-O dxe4 11. Bxe4 e5 12. f4 Bg4 13. fxe5 Rad8 14. Qe1
Bxe2 15. Qxe2 Qxc3 16. Rab1 Qxe5 17. Bf2 Rd7 18. Bd3 Rfd8 19. Qf3 Ng6 20. Rfe1
Qg5 21. Qh3 h6 22. Re8+ Rxe8 23. Qxd7 Re7 24. Qc8+ Kh7 25. h4 Qd5 26. Rxb7 h5
27. Rxe7 Ncxe7 28. Qc7 f5 29. Qd6 Qe5 30. Qxe5 Nxe5 31. Bb5 f4 32. Bd4 N5c6 33.
c3 Kg8 34. Kf2 Kf8 35. Kf3 Nd8 36. Kxf4 Nf7 37. c6 Nd5+ 38. Kf3 Nc7 39. Bc4 Nd8
40. Be5 1-0

[Event "Abitibi-Temiscamingue op"]
[Site "Abitibi CAN"]
[Date "1996.02.24"]
[Round "1"]
[White "Myre, Eric"]
[Black "Gagnon, Fabien"]
[Result "0-1"]
[WhiteElo "1771"]
[BlackElo "1983"]
[PlyCount "90"]
[EventDate "1996.02.24"]
[EventType "swiss"]
[EventRounds "4"]
[EventCountry "CAN"]

1. d4 Nf6 2. c4 g6 3. f3 d5 4. cxd5 Nxd5 5. e4 Nb6 6. Nc3 Bg7 7. Be3 O-O 8. f4
Nc6 9. Nf3 Bg4 10. e5 Nd5 11. Nxd5 Qxd5 12. Be2 Rfd8 13. O-O Qe4 14. Kf2 Nb4
15. Rc1 c6 16. a3 Nd5 17. Qd3 Bxf3 18. gxf3 Qxd3 19. Bxd3 Bh6 20. Rc4 Rd7 21.
Be4 Bxf4 22. Bxf4 Nxf4 23. Ke3 Ne6 24. f4 Rad8 25. Rd1 Nc7 26. Rd2 Nd5+ 27. Kf3
e6 28. Rc1 Ne7 29. Ke3 Nd5+ 30. Kf3 f6 31. Bxd5 Rxd5 32. Ke4 fxe5 33. fxe5 c5
34. Rcd1 Kf8 35. Rd3 Rxd4+ 36. Rxd4 Rxd4+ 37. Rxd4 cxd4 38. Kxd4 Ke7 39. b4 Kd7
40. a4 Kc6 41. Ke4 a5 42. bxa5 Kc5 43. Kf4 h6 44. Ke4 Kc4 45. h4 Kc5 0-1

[Event "Abitibi-Temiscamingue op"]
[Site "Abitibi CAN"]
[Date "1996.02.24"]
[Round "2"]
[White "Gagnon, Fabien"]
[Black "Langlais, Daniel"]
[Result "1-0"]
[WhiteElo "1983"]
[BlackElo "1547"]
[PlyCount "95"]
[EventDate "1996.02.24"]
[EventType "swiss"]
[EventRounds "4"]
[EventCountry "CAN"]

1. e4 e5 2. Nf3 d6 3. d4 Bg4 4. dxe5 Bxf3 5. Qxf3 dxe5 6. Bc4 Nf6 7. O-O Qd4 8.
Qb3 Qb6 9. Bxf7+ Ke7 10. Nc3 Nbd7 11. Bg5 Qxb3 12. Bxb3 c6 13. Rad1 h6 14. Be3
g5 15. f3 Rh7 16. Rd2 Kd8 17. Rfd1 Kc7 18. Be6 b6 19. a3 Bc5 20. Bxc5 Nxc5 21.
Bf5 Rhh8 22. Rd6 Rhf8 23. Na2 Rad8 24. Rxd8 Rxd8 25. Rxd8 Kxd8 26. Kf2 Kc7 27.
Nb4 Kd6 28. b3 a5 29. Nd3 Ne6 30. c3 Nf4 31. Nxf4 exf4 32. Ke2 Ke5 33. Kd3 b5
34. Bc8 c5 35. Ba6 b4 36. cxb4 cxb4 37. a4 g4 38. Bc8 gxf3 39. gxf3 Nh7 40. Kc4
Ng5 41. Bg4 Nf7 42. Kb5 Kd4 43. Kxa5 Kc3 44. Kb6 Kxb3 45. Be6+ Kxa4 46. Bxf7 b3
47. e5 b2 48. Ba2 1-0

[Event "Abitibi-Temiscamingue op"]
[Site "Abitibi CAN"]
[Date "1996.02.25"]
[Round "3"]
[White "Brouillette, Christian"]
[Black "Gagnon, Fabien"]
[Result "0-1"]
[WhiteElo "1468"]
[BlackElo "1983"]
[PlyCount "124"]
[EventDate "1996.02.24"]
[EventType "swiss"]
[EventRounds "4"]
[EventCountry "CAN"]

1. e4 c5 2. Nf3 Nc6 3. d4 cxd4 4. Nxd4 g6 5. Nc3 Bg7 6. Be3 Nf6 7. Bd3 O-O 8.
Nde2 d5 9. Nxd5 Nxd5 10. exd5 Qxd5 11. Nf4 Qa5+ 12. Bd2 Qe5+ 13. Ne2 Qxb2 14.
c3 Ne5 15. Bc2 Rd8 16. Nd4 Nc4 17. Qc1 e5 18. Nb3 Bf5 19. Bxf5 gxf5 20. Bh6
Qxc1+ 21. Bxc1 b6 22. Ke2 e4 23. Bg5 Bxc3 24. Rac1 Rd3 25. Rhd1 Ne5 26. Bf6 Re8
27. Bxe5 Bxe5 28. Rxd3 exd3+ 29. Kxd3 Rd8+ 30. Ke3 Kf8 31. h3 Ke7 32. f4 Bf6
33. g4 fxg4 34. hxg4 h6 35. Ke4 a5 36. Rc7+ Rd7 37. Rc6 a4 38. Nc1 Rd4+ 39. Kf5
Rd5+ 40. Ke4 Rb5 41. Rc7+ Kf8 42. Nd3 Kg7 43. Ra7 Rb1 44. Rxa4 Rg1 45. Kf5 Rg2
46. Rb4 Rxa2 47. Rxb6 Ra5+ 48. Ke4 Ra4+ 49. Kf5 Ra5+ 50. Ne5 Bxe5 51. fxe5 Rc5
52. Rb4 Ra5 53. g5 hxg5 54. Kxg5 Rxe5+ 55. Kf4 Re6 56. Kf3 f6 57. Rf4 Re5 58.
Re4 Rf5+ 59. Rf4 Kg6 60. Kg3 Rg5+ 61. Rg4 Kf5 62. Rxg5+ Kxg5 0-1

[Event "Abitibi-Temiscamingue op"]
[Site "Abitibi CAN"]
[Date "1996.02.25"]
[Round "4"]
[White "Nantel, Pierre-Francois"]
[Black "Gagnon, Fabien"]
[Result "0-1"]
[WhiteElo "1542"]
[BlackElo "1983"]
[PlyCount "54"]
[EventDate "1996.02.24"]
[EventType "swiss"]
[EventRounds "4"]
[EventCountry "CAN"]

1. d4 f5 2. c4 Nf6 3. Nc3 e6 4. Nf3 c6 5. Bf4 d5 6. e3 Ne4 7. c5 Nd7 8. Qc2
Ndf6 9. h3 Bd7 10. Bd3 Be7 11. Ke2 O-O 12. Rag1 b6 13. b4 a5 14. Bxe4 Nxe4 15.
Nxe4 fxe4 16. Ne5 axb4 17. cxb6 c5 18. Nxd7 Qxd7 19. dxc5 Qb5+ 20. Kd2 e5 21.
Bg3 Ra3 22. Ra1 Rc3 23. Qb1 Rd3+ 24. Ke1 Bxc5 25. Bxe5 b3 26. a3 Bxe3 27. Qxd3
Bxf2+ 0-1

[Event "Ahuntsic"]
[Site "Montreal CAN"]
[Date "1996.11.23"]
[Round "1"]
[White "Paquette, Rene"]
[Black "Clement, Michel"]
[Result "0-1"]
[WhiteElo "1530"]
[BlackElo "2017"]
[PlyCount "68"]
[EventDate "1996.11.23"]
[EventType "swiss"]
[EventRounds "3"]
[EventCountry "CAN"]

1. Nf3 f5 2. g3 Nf6 3. d3 e6 4. Bg2 Be7 5. O-O O-O 6. b3 d5 7. Ne5 c5 8. c3 Nc6
9. Nxc6 bxc6 10. d4 Ba6 11. Re1 cxd4 12. cxd4 c5 13. e3 Rc8 14. Bb2 Qb6 15. Nc3
c4 16. Na4 Qa5 17. Bc3 Qd8 18. b4 Ne4 19. Bxe4 fxe4 20. Nc5 Bxc5 21. bxc5 Rf3
22. Qa4 Bb7 23. Qxa7 Bc6 24. Ba5 Qf6 25. Re2 Rf8 26. Rf1 Be8 27. Bc7 Bh5 28.
Be5 Qg6 29. Rc2 R3f7 30. Qb6 Bf3 31. h3 Qh6 32. Kh2 Rf5 33. Bf4 Qxh3+ 34. Kxh3
Rh5# 0-1

[Event "Ahuntsic"]
[Site "Montreal CAN"]
[Date "1996.11.23"]
[Round "2"]
[White "Clement, Michel"]
[Black "Daut, Manfred"]
[Result "1-0"]
[WhiteElo "2017"]
[BlackElo "1288"]
[PlyCount "31"]
[EventDate "1996.11.23"]
[EventType "swiss"]
[EventRounds "3"]
[EventCountry "CAN"]

1. e4 e5 2. d4 exd4 3. c3 Nf6 4. e5 Qe7 5. Nf3 Nc6 6. cxd4 d6 7. Bb5 Bd7 8. O-O
dxe5 9. dxe5 Ng8 10. Nc3 O-O-O 11. Qa4 Kb8 12. Be3 b6 13. Bxc6 Bg4 14. Qxg4 h5
15. Qa4 Nh6 16. Qa6 1-0

[Event "Ahuntsic"]
[Site "Montreal CAN"]
[Date "1996.11.23"]
[Round "3"]
[White "Guinette, Alain"]
[Black "Clement, Michel"]
[Result "0-1"]
[WhiteElo "1625"]
[BlackElo "2017"]
[PlyCount "43"]
[EventDate "1996.11.23"]
[EventType "swiss"]
[EventRounds "3"]
[EventCountry "CAN"]

1. d4 f5 2. g4 d5 3. gxf5 Bxf5 4. Bg2 Nf6 5. Nc3 e6 6. Bg5 Be7 7. e3 O-O 8. Bh3
Nbd7 9. Bxf5 exf5 10. Nh3 Ne4 11. Nxe4 dxe4 12. Bxe7 Qxe7 13. Qe2 c6 14. O-O-O
Nf6 15. Rdg1 Kh8 16. Rg2 Qf7 17. Kb1 Nd5 18. Rhg1 g6 19. Ng5 Qe8 20. Nxh7 Kxh7
21. h4 Nf6 22. f3 0-1

[Event "Alberta op"]
[Site "Edmonton CAN"]
[Date "1996.10.12"]
[Round "1"]
[White "Crosswhite, Curt"]
[Black "Ottosen, David"]
[Result "0-1"]
[WhiteElo "1605"]
[BlackElo "2005"]
[PlyCount "78"]
[EventDate "1996.10.12"]
[EventType "swiss"]
[EventRounds "6"]
[EventCountry "CAN"]

1. e4 c5 2. Nc3 Nc6 3. Nf3 g6 4. d4 cxd4 5. Nxd4 Bg7 6. Be3 d6 7. Bb5 Bd7 8.
Bxc6 bxc6 9. Rb1 Nf6 10. Qd3 O-O 11. Bg5 h6 12. Bxf6 Bxf6 13. O-O Qb6 14. Nf3
Be6 15. Rfe1 Rad8 16. Qe3 Bg4 17. Qxb6 axb6 18. e5 Bg7 19. Re3 Bxf3 20. Rxf3
Bxe5 21. b4 Ra8 22. Ra1 Ra3 23. Nd5 cxd5 24. Rxa3 Bxa1 25. Rd3 d4 26. a4 Bc3
27. g4 Ra8 28. a5 bxa5 29. f4 a4 30. f5 a3 31. fxg6 fxg6 32. Rh3 a2 33. Rxh6
a1=Q+ 34. Kg2 Ra2 35. Rxg6+ Kf7 36. Rh6 Rxc2+ 37. Kh3 Qf1+ 38. Kh4 Rxh2+ 39.
Kg5 Bd2# 0-1

[Event "Alberta op"]
[Site "Edmonton CAN"]
[Date "1996.10.12"]
[Round "2"]
[White "Willis, Bradley"]
[Black "Ottosen, David"]
[Result "1-0"]
[WhiteElo "2110"]
[BlackElo "2005"]
[PlyCount "59"]
[EventDate "1996.10.12"]
[EventType "swiss"]
[EventRounds "6"]
[EventCountry "CAN"]

1. b3 d5 2. f4 Nh6 3. Nf3 f6 4. e3 g6 5. Bb2 Bg7 6. d3 O-O 7. Nbd2 Nc6 8. Qe2
e5 9. fxe5 fxe5 10. O-O-O Be6 11. h3 Nf5 12. Qf2 Nd6 13. Qg1 a5 14. a3 Qe7 15.
Be2 e4 16. Nd4 Nxd4 17. exd4 Nf5 18. g4 Nxd4 19. Bxd4 Qxa3+ 20. Kb1 c5 21. Bxg7
Kxg7 22. Qg3 Bf7 23. Qe5+ Kg8 24. Qb2 Qxb2+ 25. Kxb2 e3 26. Nf3 d4 27. Rhf1 b5
28. Ng5 b4 29. Ne4 Bd5 30. Nf6+ 1-0

[Event "Alberta op"]
[Site "Edmonton CAN"]
[Date "1996.10.13"]
[Round "3"]
[White "Ottosen, David"]
[Black "Gibson, Vince"]
[Result "0-1"]
[WhiteElo "2005"]
[BlackElo "1675"]
[PlyCount "90"]
[EventDate "1996.10.12"]
[EventType "swiss"]
[EventRounds "6"]
[EventCountry "CAN"]

1. e4 c5 2. Nf3 e6 3. d4 cxd4 4. Nxd4 d6 5. Be3 Nf6 6. Nc3 Nc6 7. Be2 Be7 8.
O-O O-O 9. Kh1 a6 10. a4 Re8 11. f4 Qb6 12. Rb1 e5 13. Nf5 Qc7 14. fxe5 dxe5
15. Nxe7+ Nxe7 16. Bg5 Rd8 17. Qe1 Rd6 18. Qh4 Ng6 19. Qg3 Ne8 20. h4 h6 21.
Be3 Qe7 22. h5 Nf4 23. Bc5 Nxe2 24. Nxe2 Bd7 25. Bxd6 Nxd6 26. Nc3 Bc6 27. Nd5
Bxd5 28. exd5 Ne4 29. Qh3 Nd2 30. d6 Qe6 31. Qxe6 fxe6 32. c4 Nxb1 33. Rxb1 Kf7
34. Re1 b6 35. b4 Rc8 36. Rc1 Ke8 37. c5 Kd7 38. Kg1 a5 39. bxa5 bxc5 40. Kf2
Kxd6 41. Ke3 Ra8 42. Ke4 Rxa5 43. Rd1+ Ke7 44. Kxe5 Rxa4 45. Rc1 Rh4 0-1

[Event "Alberta op"]
[Site "Edmonton CAN"]
[Date "1996.10.13"]
[Round "4"]
[White "Ottosen, David"]
[Black "Vandenberg, Jan"]
[Result "1-0"]
[WhiteElo "2005"]
[BlackElo "1705"]
[PlyCount "95"]
[EventDate "1996.10.12"]
[EventType "swiss"]
[EventRounds "6"]
[EventCountry "CAN"]

1. e4 e5 2. d4 exd4 3. c3 dxc3 4. Bc4 Bc5 5. Bxf7+ Kxf7 6. Qd5+ Kf8 7. Qxc5+
Qe7 8. Qxc7 Qxe4+ 9. Ne2 Nc6 10. Nbxc3 Qe5 11. Bf4 Qxc7 12. Bxc7 Nf6 13. Bd6+
Kf7 14. O-O a5 15. Rad1 b6 16. Bc7 Ba6 17. Rfe1 b5 18. Nd5 Ra7 19. Nxf6 Kxf6
20. Rxd7 Rc8 21. Be5+ Kxe5 22. Nd4+ Kf4 23. g3+ Kg5 24. Rd5+ Kg6 25. Re6+ Kf7
26. Rf5+ Kg8 27. Nxc6 g6 28. Nxa7 Rc1+ 29. Kg2 Bb7+ 30. Rf3 Bd5 31. Re8+ Kg7
32. Nxb5 Bc6 33. Re7+ Kg8 34. Nd4 Bxf3+ 35. Kxf3 Rd1 36. Nb3 a4 37. Nc5 a3 38.
bxa3 Rc1 39. Ne4 h5 40. a4 Ra1 41. a5 Rxa2 42. Ra7 Ra4 43. a6 Ra5 44. Ra8+ Kg7
45. a7 Rf5+ 46. Kg2 Ra5 47. Nd6 Ra6 48. Nc8 1-0

[Event "Alberta op"]
[Site "Edmonton CAN"]
[Date "1996.10.14"]
[Round "5"]
[White "Ristovic, Nenad"]
[Black "Frialde, Arniel"]
[Result "1-0"]
[WhiteElo "2307"]
[BlackElo "2306"]
[PlyCount "69"]
[EventDate "1996.10.12"]
[EventType "swiss"]
[EventRounds "6"]
[EventCountry "CAN"]

1. d4 d6 2. c4 e5 3. Nf3 Nd7 4. Nc3 Ngf6 5. g3 Be7 6. Bg2 c6 7. e4 O-O 8. O-O
Re8 9. h3 Bf8 10. Qc2 Qc7 11. Be3 b6 12. Rfc1 Bb7 13. b4 a6 14. Qb3 exd4 15.
Nxd4 c5 16. Nd5 Bxd5 17. cxd5 Nxe4 18. Ne6 fxe6 19. dxe6 Ndf6 20. e7+ Kh8 21.
exf8=Q+ Rxf8 22. bxc5 bxc5 23. Qa4 Rae8 24. Qxa6 Nxg3 25. Rab1 Nf5 26. Bf4 Ne4
27. Re1 Nc3 28. Rxe8 Rxe8 29. Rb7 Qd8 30. Kh2 Ne2 31. Bc6 Qh4 32. Bg3 Nfxg3 33.
Bxe8 Nf4 34. Bd7 Nf1+ 35. Qxf1 1-0

[Event "Alberta op"]
[Site "Edmonton CAN"]
[Date "1996.10.14"]
[Round "5"]
[White "Votary, Syd"]
[Black "Ottosen, David"]
[Result "0-1"]
[WhiteElo "1720"]
[BlackElo "2005"]
[PlyCount "146"]
[EventDate "1996.10.12"]
[EventType "swiss"]
[EventRounds "6"]
[EventCountry "CAN"]

1. e4 c5 2. Nf3 Nc6 3. d4 cxd4 4. Nxd4 Nf6 5. Nc3 e5 6. Nb3 Bb4 7. Bd2 Bxc3 8.
Bxc3 Nxe4 9. Bxe5 Qe7 10. f4 d6 11. Qe2 dxe5 12. Qxe4 exf4 13. Qxe7+ Kxe7 14.
Bb5 Nb4 15. O-O-O Nxa2+ 16. Kb1 Nb4 17. Rhe1+ Kf6 18. Rd4 Nc6 19. Rxf4+ Kg6 20.
Bd3+ f5 21. Ref1 Ne5 22. Bxf5+ Bxf5 23. Rxf5 Ng4 24. h4 Nf6 25. g4 h6 26. h5+
Kh7 27. Nc5 Rhe8 28. g5 Nxh5 29. gxh6 Ng3 30. hxg7 Nxf1 31. Rxf1 b6 32. Nd7
Kxg7 33. Nf6 Rf8 34. Nh5+ Kg6 35. Nf4+ Kf5 36. Ne2+ Ke5 37. Re1 Rfe8 38. Nc3+
Kd4 39. Rd1+ Kc4 40. Rd7 Rec8 41. Ne4 Rc6 42. Ka2 a5 43. Ka3 Kb5 44. c3 Rh8 45.
b3 Rh3 46. c4+ Rxc4 47. Nd6+ Kc6 48. Nxc4 Kxd7 49. Nxb6+ Kc6 50. Nc4 Kb5 51.
Nd6+ Ka6 52. Nc4 Rd3 53. Ne5 Rd5 54. Nc4 Kb5 55. Nb2 Rd4 56. Nc4 Rd3 57. Nb2
Rh3 58. Na4 Rh1 59. Nc3+ Ka6 60. b4 Rh3 61. Kb3 a4+ 62. Kb2 a3+ 63. Kc2 Kb6 64.
Na2 Kb5 65. Kb1 Kc4 66. b5 Kxb5 67. Kc2 Kc4 68. Nc1 Rh2+ 69. Kb1 Rb2+ 70. Ka1
Rc2 71. Kb1 Kc3 72. Na2+ Kb3 73. Nb4 a2+ 0-1

[Event "Alberta op"]
[Site "Edmonton CAN"]
[Date "1996.10.14"]
[Round "6"]
[White "Ottosen, David"]
[Black "Karmali, Hafiz"]
[Result "1-0"]
[WhiteElo "2005"]
[BlackElo "2110"]
[PlyCount "42"]
[EventDate "1996.10.12"]
[EventType "swiss"]
[EventRounds "6"]
[EventCountry "CAN"]

1. e4 c5 2. Nf3 d6 3. d4 cxd4 4. Nxd4 Nf6 5. Nc3 a6 6. Bg5 e6 7. f4 Be7 8. Qf3
Qc7 9. O-O-O Bd7 10. e5 dxe5 11. fxe5 Nd5 12. Bxe7 Nxe7 13. Qh5 Nbc6 14. Ndb5
axb5 15. Nxb5 Qa5 16. Nd6+ Kd8 17. Nxb7+ Kc7 18. Nxa5 Rxa5 19. a3 Rxe5 20. Qxf7
Rf5 21. Qxg7 Rg8 1-0

[Event "Alberta reserves"]
[Site "Alberta CAN"]
[Date "1996.??.??"]
[Round "2"]
[White "Heagle, George"]
[Black "Ottosen, David"]
[Result "0-1"]
[WhiteElo "1675"]
[BlackElo "1955"]
[PlyCount "106"]
[EventDate "1996.??.??"]
[EventCountry "CAN"]

1. e4 c5 2. Nf3 d6 3. d4 cxd4 4. Nxd4 Nf6 5. Nc3 g6 6. f3 Bg7 7. Be3 O-O 8. Bc4
Nc6 9. Qd2 Bd7 10. O-O-O Rc8 11. Bb3 Ne5 12. h4 a5 13. h5 Nxh5 14. Bh6 Bxh6 15.
Qxh6 Nf6 16. Nd5 Re8 17. Nxf6+ exf6 18. Qxh7+ Kf8 19. Qh6+ Ke7 20. Bd5 Qc7 21.
Qd2 b5 22. Rh7 Rf8 23. f4 Nc4 24. Qc3 Qb6 25. Qg3 Be8 26. Qxg6 Ne3 27. Nf5+
Nxf5 28. Qxf5 Bd7 29. Qh5 Be6 30. Qe2 Qc5 31. Bxe6 Kxe6 32. f5+ Ke7 33. Rd5
Qg1+ 34. Kd2 Rg8 35. Qe1 Rxg2+ 36. Kd1 Qxe1+ 37. Kxe1 Rcxc2 38. Kd1 Rxb2 39.
Kc1 Rxa2 40. Kb1 b4 41. Rh1 a4 42. Rb5 Rgb2+ 43. Kc1 a3 44. Rb7+ Kf8 45. Rb8+
Kg7 46. Rg1+ Rg2 47. Rxg2+ Rxg2 48. Rxb4 a2 49. Ra4 Kh6 50. Ra8 Rg1+ 51. Kb2
a1=Q+ 52. Rxa1 Rxa1 53. Kxa1 Kg5 0-1

[Event "Alberta reserves"]
[Site "Alberta CAN"]
[Date "1996.??.??"]
[Round "3"]
[White "Ottosen, David"]
[Black "Newton, Geoff"]
[Result "1/2-1/2"]
[WhiteElo "1955"]
[BlackElo "1985"]
[PlyCount "96"]
[EventDate "1996.??.??"]
[EventCountry "CAN"]

1. e4 e6 2. d4 d5 3. Nc3 Bb4 4. Nge2 dxe4 5. a3 Be7 6. Nxe4 Nf6 7. N2g3 Nbd7 8.
Bd3 Nxe4 9. Nxe4 Nf6 10. c3 b6 11. O-O Bb7 12. Bb5+ c6 13. Nxf6+ Bxf6 14. Ba4
O-O 15. Bc2 Qc7 16. Re1 Rad8 17. Qh5 g6 18. Qf3 Bg7 19. Bf4 Qc8 20. Qe3 Rfe8
21. Bb3 c5 22. dxc5 Qc6 23. f3 bxc5 24. Rad1 c4 25. Bc2 Bf8 26. Be5 Bc5 27. Bd4
Bxd4 28. Rxd4 Qb6 29. Rxd8 Qxe3+ 30. Rxe3 Rxd8 31. Kf2 Rd2+ 32. Re2 Rxe2+ 33.
Kxe2 Bd5 34. Ke3 e5 35. Be4 Be6 36. f4 f6 37. fxe5 fxe5 38. Bc6 Kg7 39. h3 Kf6
40. Ke4 g5 41. g4 h5 42. Bd5 hxg4 43. Bxe6 Kxe6 44. hxg4 a6 45. Kf3 Kd5 46. Ke3
e4 47. Ke2 Kd6 48. Kd2 Ke6 1/2-1/2

[Event "Alberta reserves"]
[Site "Alberta CAN"]
[Date "1996.??.??"]
[Round "4"]
[White "Ottosen, David"]
[Black "Kiely, B."]
[Result "0-1"]
[WhiteElo "1955"]
[BlackElo "1710"]
[PlyCount "86"]
[EventDate "1996.??.??"]
[EventCountry "CAN"]

1. e4 e5 2. Nc3 Nf6 3. f4 exf4 4. d4 Bb4 5. Bd3 d5 6. Bxf4 dxe4 7. Bc4 O-O 8.
Nge2 Nbd7 9. O-O Nb6 10. Bb3 h6 11. Ng3 c5 12. Nh5 Nxh5 13. Qxh5 Bxc3 14. dxc5
Bd4+ 15. Kh1 Nd7 16. Bxh6 Nf6 17. Qg6 Ng4 18. Bxf7+ Kh8 19. Rad1 Nxh6 20. Qxe4
Qc7 21. Rxd4 Nxf7 22. Qg6 Qe7 23. Re4 Qd8 24. Qh5+ Kg8 25. Rh4 Nh6 26. Rxf8+
Qxf8 27. Qd5+ Kh8 28. Kg1 Bf5 29. Qd4 Qe7 30. Rxh6+ Bh7 31. h3 Rd8 32. Qc3 Rd1+
33. Kh2 Qc7+ 34. g3 b5 35. Rh5 Qc6 36. g4 Qh1+ 37. Kg3 Qg1+ 38. Kh4 Qf2+ 39.
Qg3 Qf6+ 40. Rg5 Rd5 41. Qe3 Rxg5 42. Qxg5 Qf2+ 43. Kh5 g6+ 0-1

[Event "Alberta reserves"]
[Site "Alberta CAN"]
[Date "1996.??.??"]
[Round "5"]
[White "Alderton, Peter"]
[Black "Ottosen, David"]
[Result "1-0"]
[WhiteElo "1645"]
[BlackElo "1955"]
[PlyCount "49"]
[EventDate "1996.??.??"]
[EventCountry "CAN"]

1. e4 e6 2. d4 d5 3. Nc3 Bb4 4. e5 c5 5. Bd2 cxd4 6. Nb5 Bc5 7. b4 Be7 8. Nxd4
Bd7 9. Ngf3 Qc7 10. Bd3 g5 11. h3 a6 12. O-O h6 13. Re1 Bf8 14. c3 Ne7 15. Re2
Nbc6 16. Nxc6 Nxc6 17. a3 Bg7 18. Qe1 b5 19. Ra2 Ke7 20. Be3 Kd8 21. Bc5 Bf8
22. Bd4 Rg8 23. a4 Na7 24. a5 Nc6 25. Bb6 1-0

[Event "Amos"]
[Site "Amos CAN"]
[Date "1996.02.10"]
[Round "2"]
[White "Myre, Eric"]
[Black "Gagnon, Fabien"]
[Result "0-1"]
[WhiteElo "1770"]
[BlackElo "1960"]
[PlyCount "52"]
[EventDate "1996.02.10"]
[EventType "swiss"]
[EventRounds "5"]
[EventCountry "CAN"]

1. d4 Nf6 2. c4 e6 3. Nc3 Bb4 4. Nf3 O-O 5. e3 d5 6. Bd3 c5 7. O-O Nc6 8. a3
Bxc3 9. bxc3 b6 10. Qe2 Ba6 11. cxd5 Bxd3 12. Qxd3 exd5 13. c4 cxd4 14. exd4
Rc8 15. Bg5 dxc4 16. Qxc4 Ne5 17. Qa6 Nxf3+ 18. gxf3 Qxd4 19. Qxa7 Nd5 20. Rad1
Qe5 21. Bh4 Nc3 22. Rd7 Qf4 23. Bg3 Qxf3 24. Re1 Ne2+ 25. Kf1 Rc2 26. Qb7 Nxg3+
0-1

[Event "Amos"]
[Site "Amos CAN"]
[Date "1996.02.10"]
[Round "3"]
[White "Gagnon, Fabien"]
[Black "Saint-Pierre, Gilles"]
[Result "1-0"]
[WhiteElo "1960"]
[BlackElo "1931"]
[PlyCount "75"]
[EventDate "1996.02.10"]
[EventType "swiss"]
[EventRounds "5"]
[EventCountry "CAN"]

1. e4 e6 2. d4 d5 3. Nc3 Bb4 4. Nge2 Nf6 5. a3 Be7 6. e5 Nfd7 7. b4 a5 8. b5 a4
9. Ng3 c5 10. bxc6 bxc6 11. Qg4 g6 12. h4 f5 13. Qd1 Bxh4 14. Nh5 Bg5 15. Nf4
Qa5 16. Rh3 Nf8 17. Rb1 Nbd7 18. Rb4 Qd8 19. Nd3 Be7 20. Rxa4 Rxa4 21. Nxa4
Qa5+ 22. c3 Ba6 23. Nb4 Bxf1 24. Kxf1 c5 25. dxc5 Nxc5 26. Nxc5 Bxc5 27. Qd3
Nd7 28. f4 O-O 29. Nxd5 exd5 30. Qxd5+ Rf7 31. e6 Kg7 32. exf7 Qb5+ 33. Qd3 Qa4
34. c4 h5 35. Bb2+ Kxf7 36. Qd5+ Ke7 37. Rd3 Kd8 38. Qxc5 1-0

[Event "Amos"]
[Site "Amos CAN"]
[Date "1996.02.11"]
[Round "4"]
[White "Gagnon, Fabien"]
[Black "Gagnon, Serge"]
[Result "1-0"]
[WhiteElo "1960"]
[BlackElo "2001"]
[PlyCount "57"]
[EventDate "1996.02.10"]
[EventType "swiss"]
[EventRounds "5"]
[EventCountry "CAN"]

1. e4 d6 2. d4 Nf6 3. Nc3 g6 4. Bd3 Bg7 5. Nge2 O-O 6. f3 e5 7. Be3 Nc6 8. Bc4
exd4 9. Nxd4 Ne5 10. Bb3 a6 11. a4 Qe7 12. Qd2 c5 13. Nde2 Be6 14. Rd1 Bxb3 15.
cxb3 Rfd8 16. Bg5 Rd7 17. Nd5 Qd8 18. a5 Rb8 19. Nb6 Rc7 20. Qxd6 Qxd6 21. Rxd6
Ne8 22. Rd2 f6 23. Bf4 Kf7 24. O-O Ke6 25. Rfd1 g5 26. Bxe5 fxe5 27. Ng3 Bf8
28. Nf5 g4 29. Nd7 1-0

[Event "Amos"]
[Site "Amos CAN"]
[Date "1996.02.11"]
[Round "5"]
[White "Lecomte, Andre"]
[Black "Gagnon, Fabien"]
[Result "1-0"]
[WhiteElo "1905"]
[BlackElo "1960"]
[PlyCount "81"]
[EventDate "1996.02.10"]
[EventType "swiss"]
[EventRounds "5"]
[EventCountry "CAN"]

1. e4 g6 2. d4 Bg7 3. f4 d6 4. Nf3 Nf6 5. Nc3 O-O 6. Be2 c5 7. d5 Qa5 8. O-O a6
9. Bd2 Qc7 10. a4 e6 11. dxe6 Bxe6 12. Ng5 c4 13. Be3 Re8 14. Bf3 Nc6 15. Nxe6
fxe6 16. Qd2 b6 17. Rad1 Bf8 18. g4 Rad8 19. Qg2 d5 20. exd5 Nb4 21. dxe6 Rxd1
22. Rxd1 Bc5 23. Bxc5 Qxc5+ 24. Qf2 Qxf2+ 25. Kxf2 Rxe6 26. g5 Ne8 27. Na2 Nxa2
28. Bd5 Nc7 29. Bxe6+ Nxe6 30. Rd6 Nxf4 31. Rxb6 a5 32. Rb5 c3 33. bxc3 Nxc3
34. Rxa5 Ne6 35. Re5 Nxg5 36. a5 Nge4+ 37. Kg2 Nd6 38. a6 Na4 39. a7 Nb6 40.
Re6 Ndc4 41. Rc6 1-0

[Event "Arnprior op"]
[Site "Arnprior CAN"]
[Date "1996.??.??"]
[Round "?"]
[White "Allen, Graham"]
[Black "Webb, Robert"]
[Result "1-0"]
[WhiteElo "2005"]
[BlackElo "1830"]
[PlyCount "39"]
[EventDate "1996.05.01"]
[EventType "swiss"]
[EventRounds "5"]
[EventCountry "CAN"]

1. d4 Nf6 2. Nf3 g6 3. Bg5 Bg7 4. Nbd2 d6 5. e3 Nbd7 6. c3 h6 7. Bh4 g5 8. Bg3
Nh5 9. Bd3 c5 10. Qa4 O-O 11. O-O-O cxd4 12. exd4 Nb6 13. Qc2 Be6 14. Rde1 Nxg3
15. hxg3 Bxa2 16. Nxg5 e5 17. f4 exd4 18. Nde4 hxg5 19. Nf6+ Bxf6 20. Bc4 1-0